Daily English reading

Sparad:
Bibliografiska uppgifter
Materialtyp: Bok
Taggar: Lägg till en tagg
Inga taggar, Lägg till första taggen!
Thư viện lưu trữ: Mạng thư viện Đại học Đà Nẵng
LEADER 00392nam a22001691a 4500
001 000037093
003 13388
005 20160412015057.0
008 160412s0 000
082 |a 4N(TK)27 
245 |a Daily English reading 
OWN |a LNN 
999 |a From the UDN01 
TYP |a Monograph 
980 |a Mạng thư viện Đại học Đà Nẵng